Vainqueurs des jeux olympiques #1 : Football - Statistiques

Statistiques générales
  • Ce quiz a été pris 357 fois
  • Le résultat moyen est 12 sur 18
Statistiques - réponses
Pays % Correct
Brésil
98%
France
98%
Argentine
96%
Espagne
92%
Italie
89%
Grande-Bretagne
88%
Uruguay
76%
Union Soviétique
72%
Mexique
69%
Belgique
68%
Yougoslavie
61%
Suede
60%
Hongrie
57%
Pologne
49%
Nigeria
48%
Tchécoslovaquie
47%
Allemagne de l’Est
42%
Cameroun
37%
Aucun quiz correspondant
Distribution des résultats
% des personnes avec chaque résultat
Percentile par nombre de réponses
Votre historique - résultats
Vous n’avez pas pris ce quiz